[Event "POL-chT3 Podkarpackie"]
[Site "Pstragowa"]
[Date "2014.05.01"]
[Round "3.25"]
[White "Gierulski, Kamil"]
[Black "Swigon, Tomasz"]
[Result "1-0"]
[WhiteElo "1955"]
[BlackElo "1813"]
[PlyCount "85"]
[EventDate "2014.04.30"]
[EventType "team-tourn"]
[EventRounds "9"]
[EventCountry "POL"]
[SourceTitle "EXT 2015"]
[Source "ChessBase"]
[SourceDate "2014.11.20"]
[SourceVersion "1"]
[SourceVersionDate "2014.11.20"]
[SourceQuality "1"]
[WhiteTeam "Rzeszow"]
[BlackTeam "Rzeszow II"]
[WhiteTeamCountry "POL"]
[BlackTeamCountry "POL"]

1. d4 d5 2. c4 e6 3. Nf3 Nd7 4. Nc3 Ngf6 5. g3 c6 6. b3 Bb4 7. Bd2 0-0 8. Bg2 Qa5 9. Qc2 Re8 10. a3 Bxc3 11. Bxc3 Qc7 12. 0-0 Ne4 13. Bb2 b6 14. Rac1 f5 15. Ne1 Bb7 16. Nd3 Rac8 17. Rfd1 Qd8 18. f3 Nd6 19. Qd2 Ba6 20. Nb4 Bb7 21. Qf4 Qc7 22. Nd3 Ba6 23. Nb4 Bb7 24. Qd2 a5 25. Nd3 Ba6 26. c5 Nb7 27. cxb6 Bxd3 28. Qxd3 Nxb6 29. e4 fxe4 30. fxe4 a4 31. Re1 axb3 32. Qxb3 Nc4 33. exd5 Nba5 34. Qa2 Qb7 35. Bc3 cxd5 36. Qe2 Qa7 37. Qg4 Qa6 38. Bh3 Nb3 39. Rxe6 Nxc1 40. Rxa6 Ne2+ 41. Kf2 Nxc3 42. Qxc8 Rxc8 43. Bxc8 1-0